Score 0/20 Timer 02:00
0 Plays Today
Hint Missing Word % Correct
_____ the FrogKermit
97.8%
_____ and ErnieBert
92.8%
Fozzie ___Bear
91.6%
Miss _____Piggy
90.9%
Oscar the _____Grouch
87.9%
Rowlf the _____Dog
73.2%
_____ ChefSwedish
69.5%
_____ the EagleSam
53.7%
_____ the RatRizzo
50.9%
Statler and ___Waldorf
46.8%
Hint Missing Word % Correct
Dr. Bunsen _____Honeydew
46.5%
Camilla the _____Chicken
43.1%
Slimey the _____Worm
37%
Dr. Teeth and The Electric _____Mayhem
35.6%
_____ ZealandLew
24.2%
Marjory the _____ HeapTrash
24.1%
___ HogthrobLink
17.5%
Crazy ____Harry
16.4%
____ PepperFloyd
16.3%
Dr. ____ StrangeporkJulius
9.9%

Today's Daily Dose

Remove Ads.
Support Sporcle.
Get the best of Sporcle when you Go Orange. This ad-free experience offers more features, more stats, and more fun while also helping to support Sporcle. Thank you for becoming a member.

You're not logged in!

Compare scores with friends on all Sporcle quizzes.
OR
Log In

Show Comments

Extras

Top Quizzes Today


Score Distribution

Your Account Isn't Verified!

In order to create a playlist on Sporcle, you need to verify the email address you used during registration. Go to your Sporcle Settings to finish the process.

Report this User

Report this user for behavior that violates our Community Guidelines.

Details: